[Event "SVK-ch U25"]
[Site "Nitra"]
[Date "2001.??.??"]
[Round "8"]
[White "Dusik, Tomas"]
[Black "Vavrak, Peter"]
[Result "0-1"]
[WhiteElo "2102"]
[BlackElo "2319"]
[PlyCount "48"]
[EventDate "2001.??.??"]
[EventType "swiss"]
[EventRounds "9"]
[EventCountry "SVK"]
[SourceTitle "EXT 2006"]
[Source "ChessBase"]
[SourceDate "2005.11.24"]
[SourceVersion "1"]
[SourceVersionDate "2005.11.24"]
[SourceQuality "1"]

1. e4 e6 2. d4 d5 3. Nc3 Nf6 4. Bg5 Bb4 5. e5 h6 6. Bd2 Bxc3 7. bxc3 Ne4 8. Qg4 g6 9. Bd3 Nxd2 10. Kxd2 c5 11. f4 cxd4 12. cxd4 Qa5+ 13. Ke3 b6 14. Qh4 Ba6 15. Nf3 Nc6 16. Qf6 Rg8 17. g4 Nb4 18. Rhc1 Qa3 19. Ne1 Rc8 20. Kd2 Qc3+ 21. Ke3 Rc4 22. Nf3 Qa3 23. Kd2 Nxd3 24. cxd3 Rxc1 0-1

[Event "SVK-ch U25"]
[Site "Nitra"]
[Date "2001.??.??"]
[Round "3"]
[White "Dusik, Tomas"]
[Black "Vlcek, Stanislav"]
[Result "0-1"]
[WhiteElo "2102"]
[BlackElo "2311"]
[PlyCount "80"]
[EventDate "2001.??.??"]
[EventType "swiss"]
[EventRounds "9"]
[EventCountry "SVK"]
[SourceTitle "EXT 2006"]
[Source "ChessBase"]
[SourceDate "2005.11.24"]
[SourceVersion "1"]
[SourceVersionDate "2005.11.24"]
[SourceQuality "1"]

1. d4 Nf6 2. Bg5 c5 3. d5 Ne4 4. Bf4 Qb6 5. Qc1 c4 6. e3 Qa5+ 7. Nd2 Qxd5 8. Nxc4 Nc6 9. f3 Nf6 10. e4 Qe6 11. Ne3 d6 12. Bc4 Qd7 13. Qd2 g6 14. Nh3 Bg7 15. Ng5 0-0 16. Nd5 Ne5 17. Bb3 b5 18. Bxe5 dxe5 19. Nxf6+ exf6 20. Qxd7 Bxd7 21. 0-0-0 Rad8 22. Nh3 f5 23. Nf2 Bc6 24. c3 Bh6+ 25. Kc2 Kg7 26. exf5 gxf5 27. Rxd8 Rxd8 28. Rd1 Rxd1 29. Kxd1 Bf4 30. h3 a5 31. Nd3 Bg3 32. Ke2 Kf6 33. Nc5 a4 34. Bc2 Bd5 35. Bd3 Bc6 36. Na6 e4 37. Bc2 Ke5 38. Nb4 Bd7 39. b3 a3 40. Bb1 Bf4 0-1

[Event "SVK-chT3A 0102"]
[Site "Slovakia"]
[Date "2001.??.??"]
[Round "3"]
[White "Gregorova, Zuzana"]
[Black "Dusik, Tomas"]
[Result "1-0"]
[WhiteElo "2109"]
[BlackElo "2162"]
[PlyCount "74"]
[EventDate "2001.10.??"]
[EventType "team-tourn"]
[EventRounds "11"]
[EventCountry "SVK"]
[SourceTitle "EXT 2006"]
[Source "ChessBase"]
[SourceDate "2005.11.24"]
[SourceVersion "1"]
[SourceVersionDate "2005.11.24"]
[SourceQuality "1"]

1. e4 e6 2. d3 b6 3. g3 Bb7 4. Bg2 f5 5. Ne2 Nf6 6. Nd2 Bc5 7. 0-0 fxe4 8. dxe4 0-0 9. h3 Qe8 10. e5 Bxg2 11. Kxg2 Nd5 12. Ne4 Qg6 13. Nxc5 bxc5 14. f4 Nb4 15. Bd2 Qe4+ 16. Rf3 N8c6 17. Nc3 Qxc2 18. a3 Qxd1 19. Rxd1 Nc2 20. Ne4 Rab8 21. Bc3 N6d4 22. Rfd3 Ne2 23. Nxc5 Nxc3 24. bxc3 Rb2 25. Kf3 Nxa3 26. Rxd7 Re8 27. Rxc7 Nb5 28. Rb7 Nxc3 29. Rxb2 Nxd1 30. Rb7 Ra8 31. Nxe6 a5 32. Rxg7+ Kh8 33. Rd7 Nb2 34. Rb7 Nc4 35. Rc7 Nb6 36. Rb7 Nc4 37. Nc7 Ra6 1-0